000 00834nam0a22002651 4500
001 RU\NLR\A1SV\99268
005 20251203171251.9
035 _a(NLR Aleph) 009780621
090 _a10094049
_c10094049
100 _a20091201d1924 u y0rusy50 ca
101 0 _arus
102 _aRU
200 1 _aПрограмма и инструкции районных конъюнктурных наблюдений
_fГосплан. Конъюнктурный сов.
210 _aМ.
_cИнтер. тип. (39-я) "Мосполиграф"
_d1924
215 _a23 с.
_d27 см
311 _aПрил. к журн.: Плановое хоз. № 4-5
620 _dМосква
801 0 _aRU
_bNLR
_c20091201
852 _aNLR
_j59/2893
899 _aРГБ
899 _aМГУ
942 _cBOOK
980 _aNB
980 _aA1SV